Analytický pohľad na cezhraničnú spoluprácu v kooperácii s existenciou euroregiónov a regionálnych rozvojových agentúr v Slovenskej republike

Cezhraničná spolupráca môže byť prostriedkom na dosiahnutie väčšej jednoty a podpory spolupráce medzi európskymi štátmi. Analýza a fungovanie cezhraničnej spolupráce na Slovensku v kooperácii regionálnych rozvojových agentúr ako významného činiteľa v tomto procese.

Gespeichert in:
Bibliographische Detailangaben
1. Verfasser: Šoltýsová, Agáta
Format: Buchkapitel
Sprache:Slowakisch
Schlagworte:
Tags: Tag hinzufügen
Keine Tags, Fügen Sie das erste Tag hinzu!

MARC

LEADER 00000nla a2200000 4500
001 0151715
005 20221207081819.6
041 0 |a slo 
044 |a CZ 
245 1 0 |a Analytický pohľad na cezhraničnú spoluprácu v kooperácii s existenciou euroregiónov a regionálnych rozvojových agentúr v Slovenskej republike  |c Agáta Šoltýsová 
520 |a Cezhraničná spolupráca môže byť prostriedkom na dosiahnutie väčšej jednoty a podpory spolupráce medzi európskymi štátmi. Analýza a fungovanie cezhraničnej spolupráce na Slovensku v kooperácii regionálnych rozvojových agentúr ako významného činiteľa v tomto procese. 
610 2 0 |a Slovensko 
610 2 0 |a euroregióny 
610 2 0 |a spolupráca cezhraničná 
610 2 0 |a agentúry 
610 2 0 |a rozvoj regionálny 
610 2 0 |a spolupráca medzinárodná 
100 1 |a Šoltýsová, Agáta